Arsenal Players Wenger Used Most - Statistics

General Stats
  • This quiz has been taken 78 times
  • The average score is 14 of 20
Answer Stats
Seasons Games Goals Position Player % Correct
9 377 228 ST Thierry Henry
99%
9 401 32 DM Patrick Vieira
90%
6 284 85 LM Robert Pires
87%
10 375 102 SS Dennis Bergkamp
83%
13 397 108 RW Theo Walcott
83%
9 328 72 RM Freddie Ljungberg
82%
8 278 132 ST Robin Van Persie
79%
8 303 57 CM Cesc Fabregas
76%
7 244 0 GK David Seaman
76%
8 324 24 CB Laurent Koscielny
70%
6 253 105 ST Olivier Giroud
70%
8 326 14 CB Kolo Toure
69%
6 243 24 DM Gilberto Silva
68%
8 264 2 LB Gael Clichy
65%
10 329 58 CM Aaron Ramsey
62%
7 284 5 RB Bacary Sagna
61%
8 264 5 CB Martin Keown
45%
8 317 26 RM Ray Parlour
44%
10 246 28 AM Tomas Rosicky
41%
7 246 13 DM Mathieu Flamini
30%
No matching quizzes found
Score Distribution
Percent of People with Each Score
Percentile by Number Answered
Your Score History
You have not taken this quiz